000 00670nam a22001937a 4500
003 0
005 20241010134324.0
008 241010b xxu||||| |||| 00| 0 eng d
020 _a9781394166466
050 _aQA 76.73
_b.D44 2023
245 _aDeep learning and its applications using python /
_cNiha Kamal Basha, Surbhi Bhatia Khan, Abhishek Kumar, and Arwa Mashat.
260 _aHoboken, NJ :
_bJohn Wiley & Sons, Inc.,
_c2023.
300 _ax, 242 p. :
_bill. ;
_c24 cm.
504 _aIncludes bibliographical references and index.
650 _aArtificial intelligence.
650 _aBig data.
650 _aPython (Computer program language).
942 _2lcc
_cBK
999 _c366497
_d366497